Evaluation of Slovak Automotive Industry Competitiveness Based on Market Concentration Indicators

Hodnotenie koncentrácie slovenského automobilového priemyslu. Potenciálne dopady na konkurencieschopnosť a inovačné aktivity podnikov pôsobiacich v priemysle. Analýza finančných výsledkov slovenských automobilových podnikov. Meranie miery koncentrácie celého priemyslu s cieľom vysvetliť konkurencies...

Full description

Saved in:
Bibliographic Details
Main Author: Hojdik, Vladimír, 1992-
Format: Book Chapter
Language:English
Subjects:
Tags: Add Tag
No Tags, Be the first to tag this record!

MARC

LEADER 00000naa$a2200000$$$4500
001 0270382
005 20240502083812.9
041 0 |a eng 
044 |a FR 
245 1 0 |a Evaluation of Slovak Automotive Industry Competitiveness Based on Market Concentration Indicators  |c Vladimír Hojdik 
520 |a Hodnotenie koncentrácie slovenského automobilového priemyslu. Potenciálne dopady na konkurencieschopnosť a inovačné aktivity podnikov pôsobiacich v priemysle. Analýza finančných výsledkov slovenských automobilových podnikov. Meranie miery koncentrácie celého priemyslu s cieľom vysvetliť konkurencieschopnosť priemyslu v kontexte slovenskej ekonomiky. 
610 2 0 |a priemysel automobilový 
610 2 0 |a inovácia 
610 2 0 |a koncentrácia 
610 2 0 |a trh 
610 2 0 |a konkurencieschopnosť 
610 2 0 |a Slovensko 
100 1 |a Hojdik, Vladimír, 1992-